Star wars, the clone wars : (Record no. 5770)

MARC details
000 -LEADER
fixed length control field 01353cam a22003977a 4500
001 - CONTROL NUMBER
control field 5770
003 - CONTROL NUMBER IDENTIFIER
control field FISKH
005 - DATE AND TIME OF LATEST TRANSACTION
control field 20250121142551.0
008 - FIXED-LENGTH DATA ELEMENTS--GENERAL INFORMATION
fixed length control field 090326s2009 nyua j 000 1 eng
010 ## - LIBRARY OF CONGRESS CONTROL NUMBER
LC control number 2009275897
015 ## - NATIONAL BIBLIOGRAPHY NUMBER
National bibliography number GBA8D1417
Source bnb
016 7# - NATIONAL BIBLIOGRAPHIC AGENCY CONTROL NUMBER
Record control number 014821730
Source Uk
020 ## - INTERNATIONAL STANDARD BOOK NUMBER
International Standard Book Number 9780756645151 (Hardcover)
020 ## - INTERNATIONAL STANDARD BOOK NUMBER
International Standard Book Number 9780756645144
020 ## - INTERNATIONAL STANDARD BOOK NUMBER
International Standard Book Number 9781405338585 (pbk.)
020 ## - INTERNATIONAL STANDARD BOOK NUMBER
International Standard Book Number 140533858X (pbk.)
020 ## - INTERNATIONAL STANDARD BOOK NUMBER
International Standard Book Number 0756645158
035 ## - SYSTEM CONTROL NUMBER
System control number (OCoLC)ocn230204919
040 ## - CATALOGING SOURCE
Original cataloging agency UKM
Transcribing agency UKM
Modifying agency BTCTA
-- BAKER
-- OEL
-- DLC
Language of cataloging eng
050 ## - LIBRARY OF CONGRESS CALL NUMBER
Classification number PZ7.S42535
082 ## - DEWEY DECIMAL CLASSIFICATION NUMBER
Classification number 428.6
100 1# - MAIN ENTRY--PERSONAL NAME
Personal name Scott, Heather.
245 10 - TITLE STATEMENT
Title Star wars, the clone wars :
Name of part/section of a work Yoda in action! /
Statement of responsibility, etc. written by Heather Scott.
260 ## - PUBLICATION, DISTRIBUTION, ETC.
Place of publication, distribution, etc. New York :
Name of publisher, distributor, etc. DK,
Date of publication, distribution, etc. 2009.
300 ## - PHYSICAL DESCRIPTION
Extent 48 pages :
Other physical details color illustrations ;
Dimensions 23 cm
490 1# - SERIES STATEMENT
Series statement DK readers. 3, reading alone
505 ## - FORMATTED CONTENTS NOTE
Formatted contents note R<br/>
520 ## - SUMMARY, ETC.
Summary, etc. After their ship is destroyed, Jedi Master Yoda and his three clone troops attempt to defeat the evil assassin Asajj Ventress and her droid troops and win King Katuunko and his Toydarian subjects over to the Republic's caus
521 8# - TARGET AUDIENCE NOTE
Target audience note 730<br/>
Source Lexile<br/>
521 8# - TARGET AUDIENCE NOTE
Target audience note R<br/>
Source Raz-Plus<br/>
650 #0 - SUBJECT ADDED ENTRY--TOPICAL TERM
Topical term or geographic name entry element Star Wars films
Form subdivision Juvenile literature.
655 #0 - INDEX TERM--GENRE/FORM
Genre/form data or focus term Star Wars fiction.
906 ## - LOCAL DATA ELEMENT F, LDF (RLIN)
a 7
b cbc
c copycat
d 2
e ncip
f 20
g y-gencatlg
942 ## - ADDED ENTRY ELEMENTS (KOHA)
Source of classification or shelving scheme Dewey Decimal Classification
Koha item type Books
Suppress in OPAC No
Holdings
Withdrawn status Lost status Source of classification or shelving scheme Damaged status Not for loan Collection Home library Current library Shelving location Date acquired Total Checkouts Full call number Barcode Date last seen Price effective from Koha item type
    Dewey Decimal Classification     Juvenile Fiction Footprints International School Library Network Toul Kork Campus Footprints International School Library Network Toul Kork Campus TK Primary Library Room(4th Floor), Bookcase 5&6, Shelves 33-56, Orange Books 01/21/2025   SCO 428.6 PZ7.S42535 FISTK01393 01/21/2025 01/21/2025 Books